[Event "Collado Villalba 64 op 4th"]
[Site "Collado Villalba"]
[Date "2016.07.24"]
[Round "9"]
[White "Rico Ropero, Oscar"]
[Black "Suarez Paz, Alfonso"]
[Result "0-1"]
[WhiteElo "1605"]
[BlackElo "1871"]
[PlyCount "108"]
[EventDate "2016.07.17"]
[EventType "swiss"]
[EventRounds "9"]
[EventCountry "ESP"]
[SourceTitle "EXT 2017"]
[Source "ChessBase"]
[SourceDate "2016.10.25"]
[SourceVersion "1"]
[SourceVersionDate "2016.10.25"]
[SourceQuality "1"]

1. c4 b6 2. d4 Bb7 3. Nc3 d6 4. e4 Nd7 5. Bd3 e5 6. d5 Ngf6 7. Nge2 Be7 8. 0-0 0-0 9. b3 a6 10. Ng3 Nc5 11. b4 Nxd3 12. Qxd3 a5 13. b5 Bc8 14. f4 exf4 15. Rxf4 Nd7 16. Bb2 Ne5 17. Qf1 Bg5 18. Rf3 Nxf3+ 19. Qxf3 Qf6 20. Qd3 Qf4 21. Bc1 Qe5 22. Bb2 Bf6 23. Nd1 Qe7 24. Bxf6 Qxf6 25. Nc3 Qe5 26. Rf1 Bd7 27. Nce2 Rae8 28. Nd4 g6 29. Nf3 Qe7 30. Re1 Bg4 31. Nd4 Bd7 32. Nf3 h5 33. e5 dxe5 34. Rxe5 Qc5+ 35. Kh1 Rxe5 36. Nxe5 Qe7 37. Nxd7 Qxd7 38. Ne4 Qf5 39. Qf3 Qxf3 40. gxf3 Kg7 41. Kg1 Re8 42. Kf2 f6 43. h4 Kf7 44. Kf1 Re5 45. Kf2 g5 46. Kg3 Ke7 47. Kf2 Rxe4 48. fxe4 Kd6 49. Ke3 Ke5 50. Kd3 gxh4 51. Ke3 h3 52. Kf3 h2 53. Kg2 Kxe4 54. c5 Kxd5 0-1

[Event "Collado Villalba 64 op 4th"]
[Site "Collado Villalba"]
[Date "2016.07.22"]
[Round "6"]
[White "Rico Ropero, Oscar"]
[Black "Enriquez Pastor, Jorge"]
[Result "1-0"]
[WhiteElo "1605"]
[BlackElo "1403"]
[PlyCount "91"]
[EventDate "2016.07.17"]
[EventType "swiss"]
[EventRounds "9"]
[EventCountry "ESP"]
[SourceTitle "EXT 2017"]
[Source "ChessBase"]
[SourceDate "2016.10.25"]
[SourceVersion "1"]
[SourceVersionDate "2016.10.25"]
[SourceQuality "1"]

1. c4 e5 2. Nc3 Nf6 3. g3 d5 4. cxd5 Nxd5 5. Bg2 Nxc3 6. bxc3 Bc5 7. Qc2 0-0 8. e4 Qf6 9. d3 Nc6 10. Be3 Bxe3 11. fxe3 Qg5 12. Qd2 Be6 13. Nf3 Qe7 14. 0-0 Rad8 15. Qe2 Qa3 16. Qc2 Qc5 17. Qd2 f6 18. Rfe1 Qb5 19. d4 Bf7 20. Reb1 Qa5 21. Rxb7 Rb8 22. Rxb8 Rxb8 23. d5 Ne7 24. Bf1 Qa4 25. Bd3 Bg6 26. Qc2 Qa3 27. Qc1 Qxc1+ 28. Rxc1 Nxd5 29. Bc4 Bxe4 30. Nd2 f5 31. Nxe4 fxe4 32. Bxd5+ Kf8 33. Bxe4 h6 34. Rf1+ Ke7 35. Bd5 Rb2 36. Rf7+ Kd6 37. e4 c6 38. Bb3 Re2 39. Rxg7 Rxe4 40. Kf2 a5 41. a4 Kc5 42. h3 h5 43. Rh7 Kb6 44. Rxh5 c5 45. Rh7 c4 46. Bc2 1-0

[Event "Collado Villalba 64 op 4th"]
[Site "Collado Villalba"]
[Date "2016.07.20"]
[Round "4.9"]
[White "Charles Soria, Alberto"]
[Black "Rico Ropero, Oscar"]
[Result "0-1"]
[WhiteElo "1553"]
[BlackElo "1605"]
[PlyCount "46"]
[EventDate "2016.07.17"]
[EventType "swiss"]
[EventRounds "9"]
[EventCountry "ESP"]
[SourceTitle "EXT 2017"]
[Source "ChessBase"]
[SourceDate "2016.10.25"]
[SourceVersion "1"]
[SourceVersionDate "2016.10.25"]
[SourceQuality "1"]

1. e4 c5 2. Nf3 Nc6 3. d4 cxd4 4. Nxd4 Nf6 5. Nc3 e6 6. Ndb5 d6 7. Bg5 a6 8. Bxf6 gxf6 9. Nd4 f5 10. exf5 e5 11. Nxc6 bxc6 12. Bc4 d5 13. Bb3 Bxf5 14. Qf3 Qd7 15. 0-0 Bd6 16. Rfe1 0-0-0 17. Qe2 Qa7 18. a4 a5 19. Rad1 Be6 20. Na2 Rhg8 21. g3 f5 22. c4 d4 23. f3 d3+ 0-1

[Event "Collado Villalba 64 op 4th"]
[Site "Collado Villalba"]
[Date "2016.07.18"]
[Round "2.11"]
[White "Giganto Diaz, Jesus"]
[Black "Rico Ropero, Oscar"]
[Result "1-0"]
[WhiteElo "1296"]
[BlackElo "1605"]
[PlyCount "94"]
[EventDate "2016.07.17"]
[EventType "swiss"]
[EventRounds "9"]
[EventCountry "ESP"]
[SourceTitle "EXT 2017"]
[Source "ChessBase"]
[SourceDate "2016.10.25"]
[SourceVersion "1"]
[SourceVersionDate "2016.10.25"]
[SourceQuality "1"]

1. e4 c5 2. Nc3 Nc6 3. Bc4 e6 4. Nf3 Nf6 5. d3 a6 6. 0-0 b5 7. Bb3 Qc7 8. Re1 d6 9. Bg5 Be7 10. Bf4 Nd7 11. a4 b4 12. Ne2 0-0 13. c3 Rb8 14. d4 Na5 15. dxc5 Nxc5 16. Bc2 Nc4 17. Rb1 e5 18. Bg5 f6 19. Bc1 b3 20. Bd3 Nxa4 21. Bxc4+ Qxc4 22. Nd2 Qd3 23. Ng3 Be6 24. Re3 Qb5 25. Nh5 g6 26. Ng3 Rfd8 27. h4 Bf7 28. h5 d5 29. hxg6 Bxg6 30. Qg4 Kf7 31. Nf5 Nc5 32. exd5 Kf8 33. c4 Qd7 34. Rf3 Rb4 35. Ne4 Rxc4 36. Bh6+ Kg8 37. Nxf6+ Bxf6 38. Qxc4 Bxf5 39. Qxc5 Bxb1 40. Rxf6 Qc8 41. Qe3 Qb7 42. Qf3 Qe7 43. d6 Qe8 44. Rf8+ Qxf8 45. Bxf8 Rxf8 46. Qd5+ Kg7 47. Qxe5+ Kf7 1-0

[Event "Madrid-ch U14"]
[Site "Madrid"]
[Date "2016.04.16"]
[Round "2"]
[White "Rico Ropero, Oscar"]
[Black "Carrasco Coquillat, Jorge"]
[Result "0-1"]
[WhiteElo "1701"]
[BlackElo "1417"]
[PlyCount "34"]
[EventDate "2016.04.16"]
[EventType "tourn"]
[EventRounds "7"]
[EventCountry "ESP"]
[SourceTitle "CBM 172 Extra"]
[Source "ChessBase"]
[SourceDate "2016.06.21"]
[SourceVersion "1"]
[SourceVersionDate "2016.06.21"]
[SourceQuality "1"]

1. c4 e5 2. Nc3 Nc6 3. g3 g6 4. Bg2 Bg7 5. d3 f5 6. e4 d6 7. Nge2 Nf6 8. 0-0 0-0 9. Rb1 Be6 10. b4 fxe4 11. Nxe4 Nxe4 12. Bxe4 d5 13. Bg2 dxc4 14. dxc4 Bxc4 15. Qc2 Qd3 16. Be4 Qxc2 17. Bxc2 Bxe2 0-1

[Event "Madrid-ch U14"]
[Site "Madrid"]
[Date "2016.04.16"]
[Round "1"]
[White "Soto Martin, Miguel"]
[Black "Rico Ropero, Oscar"]
[Result "1-0"]
[WhiteElo "1884"]
[BlackElo "1701"]
[PlyCount "99"]
[EventDate "2016.04.16"]
[EventType "tourn"]
[EventRounds "7"]
[EventCountry "ESP"]
[SourceTitle "CBM 172 Extra"]
[Source "ChessBase"]
[SourceDate "2016.06.21"]
[SourceVersion "1"]
[SourceVersionDate "2016.06.21"]
[SourceQuality "1"]

1. d4 f5 2. g3 Nf6 3. Bg2 e6 4. Nh3 d5 5. 0-0 Bd6 6. Bf4 0-0 7. Nd2 b6 8. Bxd6 cxd6 9. Nf4 Nc6 10. e3 b5 11. a4 Qb6 12. b3 b4 13. h4 a5 14. Rc1 Re8 15. Nb1 Rb8 16. c4 bxc3 17. Nxc3 Qxb3 18. Nb5 Rxb5 19. axb5 Qxb5 20. Qc2 Bd7 21. Rb1 Nb4 22. Qc7 Rc8 23. Qxd6 Kf7 24. Nh3 h6 25. Rfd1 Rc6 26. Qf4 a4 27. Bf1 Qb7 28. Rdc1 Rxc1 29. Rxc1 a3 30. Qc7 Qa8 31. Bb5 Ke7 32. Qc5+ Ke8 33. Qxb4 Kf7 34. Bxd7 Nxd7 35. Ra1 a2 36. Qb2 Qa4 37. Qxa2 Qxa2 38. Rxa2 Nb6 39. Nf4 e5 40. Ra7+ Kg8 41. dxe5 g5 42. hxg5 hxg5 43. Ne6 g4 44. Rg7+ Kh8 45. Rg6 Nc4 46. Nf4 Nxe5 47. Rf6 Nf3+ 48. Kg2 Ne1+ 49. Kf1 Nf3 50. Nxd5 1-0

[Event "Collado Villalba op-B 32nd"]
[Site "Collado Villalba"]
[Date "2015.08.28"]
[Round "7"]
[White "Aragon Gutierrez, Alejandro"]
[Black "Rico Ropero, Oscar"]
[Result "0-1"]
[WhiteElo "1806"]
[BlackElo "1457"]
[PlyCount "98"]
[EventDate "2015.08.22"]
[EventType "swiss"]
[EventRounds "9"]
[EventCountry "ESP"]
[SourceTitle "EXT 2016"]
[Source "ChessBase"]
[SourceDate "2015.10.08"]
[SourceVersion "1"]
[SourceVersionDate "2015.10.08"]
[SourceQuality "1"]

1. d4 f5 2. e4 d6 3. Nc3 Nf6 4. Bd3 fxe4 5. Nxe4 Nbd7 6. Qf3 e5 7. Be3 Be7 8. Ng5 Nb6 9. h3 0-0 10. Qe2 Re8 11. dxe5 dxe5 12. 0-0-0 Bd6 13. g4 Qe7 14. Ne4 Be6 15. Kb1 c5 16. Nxd6 Red8 17. Nf5 Qd7 18. c3 Qa4 19. Kc1 Qxa2 20. Bb1 Qa4 21. Nf3 Nbd7 22. Bg5 b5 23. Rd6 Bc4 24. Qd2 Qa5 25. Rd1 Bb3 26. Re1 Kf7 27. Nxe5+ Nxe5 28. Rxe5 b4 29. cxb4 Qxb4 30. Qxb4 cxb4 31. Re7+ Kf8 32. Rxd8+ Rxd8 33. Bc2 Rc8 34. Re2 Ba2 35. Kd1 b3 36. Be4 a5 37. Bxf6 gxf6 38. Ne3 a4 39. Ke1 Rb8 40. Nd1 Rc8 41. Bxh7 Rc1 42. Rd2 Bb1 43. Bxb1 Rxb1 44. Ke2 Rc1 45. Nc3 Rxc3 46. bxc3 a3 47. Kd1 a2 48. Rd8+ Ke7 49. Ra8 b2 0-1

[Event "Collado Villalba op-B 32nd"]
[Site "Collado Villalba"]
[Date "2015.08.27"]
[Round "6"]
[White "Rico Ropero, Oscar"]
[Black "Garcia Castineira, Ivan"]
[Result "1-0"]
[WhiteElo "1457"]
[BlackElo "1688"]
[PlyCount "87"]
[EventDate "2015.08.22"]
[EventType "swiss"]
[EventRounds "9"]
[EventCountry "ESP"]
[SourceTitle "EXT 2016"]
[Source "ChessBase"]
[SourceDate "2015.10.08"]
[SourceVersion "1"]
[SourceVersionDate "2015.10.08"]
[SourceQuality "1"]

1. c4 e6 2. Nc3 d5 3. d4 Nf6 4. g3 Be7 5. Bg2 0-0 6. cxd5 Nxd5 7. e4 Nxc3 8. bxc3 c6 9. Ne2 Nd7 10. 0-0 Nf6 11. h3 b5 12. Nf4 Bb7 13. Qb3 a6 14. Rd1 Qc8 15. c4 Rd8 16. Be3 h6 17. c5 Rd7 18. Rac1 Rc7 19. Nd3 g5 20. f4 g4 21. Ne5 h5 22. Bd2 a5 23. a4 b4 24. f5 Nd7 25. Bf4 Nxe5 26. Bxe5 Bg5 27. Bxc7 Qxc7 28. Rc2 h4 29. gxh4 Bxh4 30. hxg4 exf5 31. gxf5 Kg7 32. Qf3 Rh8 33. e5 Ba6 34. f6+ Kf8 35. Qg4 Bxf6 36. exf6 Qh2+ 37. Kf2 Rg8 38. Qf3 b3 39. Rb2 Bc4 40. Qxc6 Qf4+ 41. Qf3 Qh4+ 42. Kg1 Bd5 43. Qxd5 Rxg2+ 44. Qxg2 1-0

[Event "Collado Villalba op-B 32nd"]
[Site "Collado Villalba"]
[Date "2015.08.23"]
[Round "2"]
[White "Rico Ropero, Oscar"]
[Black "Elguezabal Selioutin, Dario"]
[Result "1-0"]
[WhiteElo "1457"]
[BlackElo "1610"]
[PlyCount "79"]
[EventDate "2015.08.22"]
[EventType "swiss"]
[EventRounds "9"]
[EventCountry "ESP"]
[SourceTitle "EXT 2016"]
[Source "ChessBase"]
[SourceDate "2015.10.08"]
[SourceVersion "1"]
[SourceVersionDate "2015.10.08"]
[SourceQuality "1"]

1. c4 e5 2. Nc3 Nf6 3. g3 Nc6 4. Bg2 Bc5 5. Nf3 d6 6. a3 a6 7. e3 Bg4 8. Qc2 0-0 9. 0-0 Qd7 10. Re1 Rfe8 11. b4 Ba7 12. Bb2 Rad8 13. Ne2 Bf5 14. Qb3 Re7 15. d4 exd4 16. Nexd4 Nxd4 17. Nxd4 Be4 18. f3 Bg6 19. Rad1 Rde8 20. Kh1 Qc8 21. g4 h5 22. g5 Nd7 23. f4 Be4 24. Qc3 f6 25. gxf6 Bxg2+ 26. Kxg2 Nxf6 27. h3 Ne4 28. Qd3 Rf8 29. Qe2 Qe8 30. Kh2 Qg6 31. Rg1 Qh6 32. Qg2 Rf6 33. Rde1 h4 34. Nf3 Rfe6 35. f5 Rf6 36. Bxf6 Qxf6 37. Qg6 Qb2+ 38. Rg2 Qxa3 39. f6 Nxf6 40. Qxf6 1-0